[Event "Eerbeek"]
[Site "Eerbeek"]
[Date "1978.??.??"]
[Round "11"]
[White "Pribyl, Josef"]
[Black "Baljon, Christofoor"]
[Result "0-1"]
[WhiteElo "2455"]
[BlackElo "2220"]

1.d4 Nf6 2.Bg5 c5 3.d5 Ne4 4.Bf4 Qb6 5.Qc1 c4 6.e3 Qa5+ 7.c3 Qxd5 8.Nf3 Nc6
9.Nbd2 Na5 10.Nxe4 Qxe4 11.Be2 d6 12.O-O e5 13.Bg3 Be7 14.Nd2 Qc6 15.f4 exf4
16.exf4 O-O 17.Qc2 d5 18.f5 Bf6 19.Kh1 Bd7 20.Nf3 Qa4 21.Qd2 Bxf5 22.Nd4 Bg6
23.Rxf6 gxf6 24.Bh4 Rae8 25.Rf1 Re6 26.Bg4 f5 27.Bxf5 Bxf5 28.Nxf5 Nc6 29.h3 Qxa2
30.Nh6+ Kg7 31.Nf5+ Kh8 32.Nh6 f5 33.Kh2 Qa5 34.Qf4 Qc5 35.Nxf5 Rf7 36.Bf2 Qf8
37.Bd4+ Kg8 38.Rf3 Nxd4 39.Qxd4 Rxf5 40.Qg4+ Rg6 41.Qxf5 Qxf5 42.Rxf5 Rd6
43.h4 d4 44.cxd4 Rxd4 45.h5 a6 46.Kh3 b5 47.g4 Rd3+ 48.Kh4 Rd2 49.Rf6 Rxb2
50.Rxa6 c3 51.Ra8+ Kf7 52.Ra7+ Ke6 53.Rxh7 c2 54.Rc7 b4 55.g5 b3 56.g6 Rb1
57.g7 Rh1+ 58.Kg5 Rg1+ 59.Kh6 b2 60.Rxc2 b1=Q 61.Rc6+ Ke5 62.Rc5+ Ke4 63.Rc4+ Kd3
64.Rc6 Qb8 65.Rg6 Rxg6+ 66.Kxg6 Qg8 67.h6 Ke4 68.Kf6 Kf4  0-1

[Event "Wch U20"]
[Site "Graz"]
[Date "1978.??.??"]
[Round "9"]
[White "Barbero, Gerardo F"]
[Black "Mateu, Xavier"]
[Result "1-0"]
[WhiteElo "2200"]
[BlackElo "2200"]

1.d4 Nf6 2.Bg5 c5 3.Bxf6 gxf6 4.d5 Qb6 5.Qc1 f5 6.e3 Bg7 7.c3 e5 8.Na3 d6
9.Qc2 Qd8 10.Bb5+ Kf8 11.Bd3 Qg5 12.f4 exf4 13.Nf3 Qe7 14.O-O fxe3 15.Bxf5 Bxf5
16.Qxf5 Nd7 17.Rae1 Nf6 18.Nc4 b5 19.Nxe3 Qe4 20.Qh3 h5 21.Qg3 Rd8 22.Ng5 Qg6
23.Ne6+  1-0

[Event "Wch U20"]
[Site "Graz"]
[Date "1978.??.??"]
[Round "11"]
[White "Kourkounakis, Ilias"]
[Black "Karolyi, Tibor Jr"]
[Result "0-1"]
[WhiteElo "2200"]
[BlackElo "2200"]

1.d4 Nf6 2.Bg5 d5 3.Bxf6 gxf6 4.e3 c5 5.c3 e5 6.dxc5 Bxc5 7.Nd2 Nc6 8.Bd3 Be6
9.Qh5 Qd7 10.Ne2 O-O-O 11.Ng3 Rdg8 12.Nf3 e4 13.Bxe4 dxe4  0-1

[Event "Leipzig ET17"]
[Site "Leipzig"]
[Date "1978.??.??"]
[Round "7"]
[White "Tichy, Vladimir"]
[Black "Vogt, Lothar"]
[Result "0-1"]
[WhiteElo "2200"]
[BlackElo "2520"]

1.d4 Nf6 2.Bg5 c5 3.Bxf6 gxf6 4.d5 d6 5.Nd2 Nd7 6.e3 Bg7 7.Ne2 f5 8.c3 Nf6
9.Nf4 Bh6 10.Qf3 Bxf4 11.exf4 Bd7 12.Bd3 Qc7 13.a4 e6 14.dxe6 fxe6 15.Bb5 O-O-O
16.b4 Rhg8 17.O-O Kb8 18.Rfe1 Bc8 19.a5 a6 20.Ba4 e5 21.b5 e4 22.Qd1 axb5
23.Bxb5 d5 24.a6 b6 25.a7+ Ka8 26.Nf1 Bb7 27.Qa4 Qxf4 28.Ng3 Ng4 29.Bc6 Qc7
30.Bxb7+ Qxb7 31.Nxf5 Rgf8 32.Ne3 Nxf2 33.Rf1 Nd3 34.Rxf8 Rxf8 35.c4 d4 36.Nd5 Nb4
37.Nxb4 cxb4 38.Qxb4 Rg8 39.Qd6 d3 40.g3 Rc8 41.Rb1 Qc6  0-1

[Event "Lloyds Bank op"]
[Site "London"]
[Date "1978.??.??"]
[Round "?"]
[White "Wicker, Kevin J"]
[Black "Franklin, Michael J"]
[Result "1-0"]
[WhiteElo "2305"]
[BlackElo "2315"]

1.d4 Nf6 2.Bg5 d5 3.e3 Bg4 4.f3 Bh5 5.Ne2 e6 6.Nf4 Bg6 7.h4 h6 8.Nxg6 fxg6
9.Bf4 Nh5 10.Be5 Be7 11.Qd3 Kf7 12.g3 Nc6 13.Bh3 Qd7 14.Kf2 Nb4 15.Qe2 c5
16.c3 Nc6 17.f4 c4 18.e4 Rac8 19.Nd2 b5 20.f5 Rcf8 21.fxe6+ Kg8+ 22.Kg2 Qd8
23.exd5 Nxe5 24.Qxe5 Nxg3 25.Qxg3 Bxh4 26.e7 Qxd5+ 27.Nf3 Bxg3 28.exf8=Q+ Kxf8
29.Kxg3 g5 30.Rae1 g6 31.Rhf1 Qd6+ 32.Kg2 Kg7 33.Re6 Qd5 34.Re7+ Kf6 35.Rfe1  1-0

[Event "Lloyds Bank op"]
[Site "London"]
[Date "1978.??.??"]
[Round "?"]
[White "Wicker, Kevin J"]
[Black "Gruenfeld, Yehuda"]
[Result "1-0"]
[WhiteElo "2305"]
[BlackElo "2330"]

1.d4 Nf6 2.Bg5 c5 3.Bxf6 exf6 4.e3 Qb6 5.Nc3 cxd4 6.Qxd4 Qxb2 7.Rb1 Qa3 8.Bc4 Nc6
9.Qe4+ Be7 10.Nge2 O-O 11.O-O Qa5 12.Nd5 Qd8 13.Nd4 Bc5 14.Nf5 Ne5 15.Bb3 Ng6
16.Rfd1 Re8 17.Nxf6+ gxf6 18.Qd5 Kh8 19.Qxc5 Re5 20.Nd6 Rxc5 21.Nxf7+ Kg7
22.Nxd8 Ne5 23.f4 Nc4 24.Nxb7 Bxb7 25.Rxd7+ Kh8 26.Bxc4 Bxg2 27.Bd3 Bd5 28.Kf2 Bg8
29.Rbb7 a5 30.Ra7 Rac8 31.a4 Rh5 32.Kg3 f5 33.Rac7 Rf8 34.Rg7 Rh6 35.Rg5 Re8
36.Rxf5 Rxe3+ 37.Kf2 Re8 38.Rxa5 Rxh2+ 39.Kg3 Rh1 40.Re5 Rf8 41.a5 Rg1+ 42.Kf3 Ra1
43.a6 Ra4 44.f5 h5 45.Kg3 h4+ 46.Kh3  1-0

[Event "Lloyds Bank op"]
[Site "London"]
[Date "1978.??.??"]
[Round "?"]
[White "Bennett, Terry B"]
[Black "Bouaziz, Slim"]
[Result "0-1"]
[WhiteElo "2270"]
[BlackElo "2365"]

1.d4 Nf6 2.Bg5 c5 3.d5 g6 4.Nc3 d6 5.e4 Bg7 6.Be2 a6 7.a4 h6 8.Bd2 e6 9.Nf3 exd5
10.exd5 Bg4 11.h3 Bxf3 12.Bxf3 O-O 13.O-O Nbd7 14.Bf4 Nb6 15.Qd3 Qc7 16.g4 Rae8
17.Bg2 Nfd7 18.Bc1 Re7 19.f4 Rfe8 20.Bd2 c4 21.Qf3 Nc5 22.Kh1 Ne4 23.Nxe4 Rxe4
24.a5 Nxd5 25.Rae1 Nf6 26.g5 hxg5 27.fxg5 Nh5 28.Bc3 d5 29.Rd1 Bxc3 30.bxc3 Rf4
31.Qxd5 Ng3+ 32.Kg1 Nxf1 33.Rxf1 Rxf1+ 34.Kxf1 Qf4+  0-1

[Event "Aaronson"]
[Site "London"]
[Date "1978.??.??"]
[Round "4"]
[White "Bellin, Robert"]
[Black "Lobo, Richard"]
[Result "1-0"]
[WhiteElo "2415"]
[BlackElo "2370"]

1.d4 Nf6 2.Bg5 d5 3.Bxf6 gxf6 4.Nc3 c5 5.e4 dxe4 6.dxc5 Qa5 7.Qh5 Nc6 8.Bb5 f5
9.a3 Bg7 10.Ne2 e6 11.g4 fxg4 12.Qxg4 Rg8 13.Bxc6+ bxc6 14.Qxe4 Qxc5 15.Qxh7 Kf8
16.Qd3 f5 17.O-O-O Kf7 18.Qf3 Ke7 19.Rhe1 Rb8 20.Na4 Qb5 21.b3 Bh6+ 22.Kb1 Qxa4
23.Nd4 Kf7 24.Qh5+  1-0

[Event "Aaronson"]
[Site "London"]
[Date "1978.??.??"]
[Round "5"]
[White "Bennett, Terry B"]
[Black "Soos, Bela"]
[Result "0-1"]
[WhiteElo "2270"]
[BlackElo "2425"]

1.d4 Nf6 2.Bg5 d5 3.e3 c6 4.Bd3 Bg4 5.f3 Bh5 6.Nd2 Nbd7 7.Ne2 Bg6 8.e4 dxe4
9.Nxe4 e6 10.c3 Be7 11.Qb3 Qb6 12.Bf4 Nd5 13.Qxb6 axb6 14.Bd2 b5 15.Nf4 Nxf4
16.Bxf4 O-O 17.Ke2 Nb6 18.a3 Nd5 19.Bd2 Rfd8 20.Nf2 Bxd3+ 21.Nxd3 Nb6 22.Rad1 Nc4
23.Bc1 Rd5 24.g4 Rad8 25.Nf4 R5d7 26.Nd3 Bd6 27.h3 f6 28.Rhe1 Kf7 29.Kf2 e5
30.dxe5 Bxe5 31.Nxe5+ Nxe5 32.Rxd7+ Rxd7 33.Kg3 Rd3 34.Rf1 Ke6 35.h4 Kd5
36.h5 g5 37.hxg6 hxg6 38.Kf4 c5 39.Kg3 g5 40.Kg2 Kc4 41.f4 Nxg4 42.fxg5 fxg5
43.Bxg5 Ne3+ 44.Bxe3 Rxe3 45.Kf2 Re6 46.Rd1 Kb3 47.Rd2 b6 48.Kf1 Rf6+ 49.Ke2 Re6+
50.Kf2 Rh6 51.Ke3 Re6+ 52.Kf2 Re4 53.Kf1 Rh4 54.Kg2 Rf4 55.Re2 b4 56.axb4 cxb4
57.Kg3 Rc4 58.Kf2 bxc3 59.bxc3 Rxc3 60.Re5 Rc5 61.Re3+  0-1

[Event "Aaronson"]
[Site "London"]
[Date "1978.??.??"]
[Round "6"]
[White "Bellin, Robert"]
[Black "Diesen, Mark C"]
[Result "1/2-1/2"]
[WhiteElo "2415"]
[BlackElo "2440"]

1.d4 d5 2.Bg5 Nf6 3.Bxf6 exf6 4.e3 c6 5.Nd2 Bd6 6.Bd3 Be6 7.Qf3 Nd7 8.Ne2 g6
9.Nf4 f5 10.Qe2 Nf6 11.O-O-O Qe7 12.Kb1 O-O-O  1/2-1/2

[Event "Aaronson"]
[Site "London"]
[Date "1978.??.??"]
[Round "10"]
[White "Wicker, Kevin J"]
[Black "Nicholson, J."]
[Result "0-1"]
[WhiteElo "2305"]
[BlackElo "2290"]

1.d4 Nf6 2.Bg5 c5 3.d5 Ne4 4.Bh4 Qb6 5.Qc1 g5 6.Bg3 Bg7 7.c3 Qh6 8.Bxb8 Rxb8
9.Nd2 Nxd2 10.Qxd2 b5 11.e4 b4 12.Ne2 bxc3 13.Nxc3 Qb6 14.Rb1 Qa5 15.Bd3 Rxb2  0-1

[Event "Rubinstein mem"]
[Site "Polanica Zdroj"]
[Date "1978.??.??"]
[Round "1"]
[White "Tseitlin, Mikhail S"]
[Black "Schmidt, Wlodzimierz"]
[Result "1-0"]
[WhiteElo "2480"]
[BlackElo "2505"]

1.d4 Nf6 2.Bg5 g6 3.Bxf6 exf6 4.e3 f5 5.Nf3 d6 6.g3 Nd7 7.c4 Bg7 8.Nc3 Nf6
9.Bg2 O-O 10.O-O a5 11.Qc2 Re8 12.Rfd1 Ne4 13.Ne1 Nxc3 14.bxc3 c6 15.Rab1 h5
16.Nd3 h4 17.c5 Bf8 18.d5 cxd5 19.Nf4 dxc5 20.Nxg6 hxg3 21.hxg3 Bg7 22.Nf4 Rb8
23.Bxd5 Qc7 24.Qa4 b5 25.Rxb5 Bd7 26.Qxa5 Rbc8 27.Rb6 Be5 28.Qa6  1-0

[Event "SVK-ch"]
[Site "Presov"]
[Date "1978.??.??"]
[Round "1"]
[White "Krisko, D."]
[Black "Demeter, Peter"]
[Result "1-0"]
[WhiteElo "2255"]
[BlackElo "2090"]

1.d4 Nf6 2.Bg5 d5 3.Bxf6 exf6 4.e3 Bd6 5.Bd3 c6 6.c4 dxc4 7.Bxc4 O-O 8.Nc3 Nd7
9.Qf3 Rb8 10.Nge2 Qa5 11.O-O Re8 12.Ne4 Bc7 13.Nf4 Nf8 14.Nc5 Bxf4 15.Qxf4 Be6
16.Rfc1 Qd8 17.b3 Bd5 18.Bxd5 Qxd5 19.Rc4 Ne6 20.Qg3 a5 21.Rac1 Ng5 22.h4 Ne6
23.Nxe6 fxe6 24.Rc5 Qd8 25.h5 h6 26.Qg6 Qc7 27.e4 Qf4 28.R1c3 f5 29.Rg3 Re7
30.Re5 Rf7 31.exf5 exf5 32.Qe6 Rf8 33.Rxa5 Qxd4 34.Rxf5 Qd7 35.Rxf7 Qxf7
36.Re3 Qxe6 37.Rxe6 Kf7 38.Re3 Rd8 39.g4 Rd4 40.f3 Kf6 41.Kf2 Rd2+ 42.Re2 Rd4
43.Ke3 Ke5 44.Rd2 Rxd2 45.Kxd2 Kd4 46.Ke2 c5 47.Kd2 b5 48.a3  1-0

[Event "Sao Paulo"]
[Site "Sao Paulo"]
[Date "1978.??.??"]
[Round "11"]
[White "Segal, Alexandru Sorin"]
[Black "Ivkov, Borislav"]
[Result "0-1"]
[WhiteElo "2395"]
[BlackElo "2515"]

1.d4 Nf6 2.Bg5 d5 3.Bxf6 gxf6 4.e3 c5 5.dxc5 e6 6.c4 dxc4 7.Qxd8+ Kxd8 8.Bxc4 Bxc5
9.Nc3 Ke7 10.Rc1 Bd7 11.Bb5 Bb4 12.Bxd7 Nxd7 13.a3 Bxc3+ 14.Rxc3 Rac8 15.Ne2 Nc5
16.O-O Na4 17.Rb3 b6 18.Rb4 Nc5 19.Rd1 Rhd8 20.Rxd8 Rxd8 21.Rd4 Rxd4 22.Nxd4 a5
23.Kf1 Kd6 24.Ke2 Kd5 25.Nf3 e5 26.Nd2 e4 27.g4 Na4 28.b3 Nc3+ 29.Kf1 b5
30.Kg2 a4 31.b4 Ke5 32.Kg3 f5 33.gxf5 Kxf5 34.f3 Ke5 35.Kf2 f5 36.Kg3 Nd1
37.fxe4 Nxe3 38.exf5 Nxf5+ 39.Kf3 Kd4 40.Kf4 Nd6 41.Nf3+  0-1

[Event "Tatran Cup"]
[Site "Strbske Pleso"]
[Date "1978.??.??"]
[Round "3"]
[White "Plachetka, Jan"]
[Black "Treybal, Dusan"]
[Result "1/2-1/2"]
[WhiteElo "2470"]
[BlackElo "2200"]

1.d4 Nf6 2.Bg5 d5 3.Nf3 e6 4.c4 Be7 5.Nc3 Nbd7 6.e3 O-O 7.Rc1 c6 8.Qc2 a6
9.c5 Nh5 10.Bf4 Nxf4 11.exf4 b6 12.b4 a5 13.a3 axb4 14.axb4 bxc5 15.bxc5 Ba6
16.Bxa6 Rxa6 17.O-O Qc7 18.Rb1 Bf6 19.g3 g6 20.Kg2 Rb8 21.Rxb8+ Qxb8 22.Rb1 Qa8
23.Rb4 Ra1 24.Ra4 Rxa4 25.Qxa4 Qb7 26.Na2 Kf8 27.Nb4 Nb8 28.Ne5 Bxe5 29.fxe5 Ke7
30.Qa5 Kd7 31.Kf3 Kc8 32.Kf4 h6 33.h4 Kd7 34.Kg4 Kc8 35.h5 g5 36.Kf3 Kd7
37.Qa4 Kc7 38.Kg2 Kc8 39.Nc2 Qb1 40.Ne3 Qe4+ 41.Kg1 Qf3 42.Qd1  1/2-1/2

[Event "SWE-ch"]
[Site "SWE"]
[Date "1978.??.??"]
[Round "?"]
[White "Helmertz, Per Inge"]
[Black "Rorvall, Goran"]
[Result "0-1"]
[WhiteElo "2305"]
[BlackElo "2350"]

1.d4 Nf6 2.Bg5 c5 3.d5 Ne4 4.h4 Qb6 5.Qc1 Nxg5 6.hxg5 g6 7.Nd2 Bg7 8.c3 d6
9.a4 Qc7 10.g3 b6 11.Ngf3 Qb7 12.e4 a6 13.Nc4 Nd7 14.Bh3 b5 15.axb5 axb5
16.Bxd7+ Bxd7 17.Rxa8+ Qxa8 18.Nb6 Qb7 19.Nxd7 Qxd7 20.Kf1 Qg4 21.Qe3 O-O
22.Kg2 Ra8 23.e5 Qf5 24.Rh4 Bxe5 25.Re4 Bg7 26.Rxe7 Qxd5 27.Re8+ Bf8 28.Re4 Qc6
29.Qf4 Re8 30.Rxe8 Qxe8 31.Nh2 Qe5 32.Qxe5 dxe5 33.Kf3 Be7 34.Ke4 Bxg5 35.Kxe5 Bc1
36.Kd5 Bxb2  0-1

[Event "Telechess ol1 7778"]
[Site "telex"]
[Date "1978.??.??"]
[Round "?"]
[White "Bohm, Hans"]
[Black "Silva, Fernando"]
[Result "0-1"]
[WhiteElo "2445"]
[BlackElo "2350"]

1.d4 Nf6 2.Bg5 g6 3.Nd2 d5 4.e3 Bg7 5.Bd3 c5 6.c3 cxd4 7.exd4 Nc6 8.Ngf3 O-O
9.O-O Bf5 10.Qb1 Bxd3 11.Qxd3 Qd6 12.Rfe1 Nh5 13.Qe3 f6 14.Bh4 e5 15.dxe5 fxe5
16.Rad1 Qe6 17.Bg3 Nxg3 18.hxg3 e4 19.c4 dxc4 20.Qxe4 Qxe4 21.Rxe4 b5 22.Rb1 Rae8
23.Kf1 Nb4 24.a4 Rxe4 25.Nxe4 bxa4 26.Nfd2 Nd3 27.Nxc4 Nxb2 28.Ned2 Rb8 29.Ke2 Re8+
30.Kf1 Nxc4 31.Nxc4 Re6 32.f4 Bc3 33.Rb8+ Kf7 34.g4 Ra6 35.Rb7+ Ke6 36.Na3 Kd5
37.Ke2 Bd4  0-1

[Event "BCF-ch"]
[Site "Chester"]
[Date "1979.??.??"]
[Round "6"]
[White "Staples, Maurice J"]
[Black "Parkes, Tim"]
[Result "0-1"]
[WhiteElo "2200"]
[BlackElo "2200"]

1.d4 Nf6 2.Bg5 d5 3.Nc3 Nbd7 4.Nf3 h6 5.Bf4 c6 6.Qd3 e6 7.Nd2 Nh5 8.Bg3 Nxg3
9.hxg3 Be7 10.e4 dxe4 11.Ncxe4 Nf6 12.O-O-O b6 13.Nxf6+ Bxf6 14.Ne4 Bb7 15.Be2 Be7
16.Bf3 Qc7 17.Kb1 O-O-O 18.Qe3 Rd7 19.g4 Rhd8 20.g5 hxg5 21.Nxg5 Bf6 22.c3 c5
23.dxc5 Rxd1+ 24.Rxd1 Rxd1+ 25.Bxd1 Qd8 26.Bf3 Bxg5 27.Bxb7+ Kxb7 28.Qf3+ Qd5
29.Qxf7+ Ka6 30.a3 Qf5+ 31.Qxf5 exf5 32.cxb6 Kxb6 33.Kc2 Kc5 34.Kd3 a5 35.b4+ axb4
36.axb4+ Kb5 37.Kd4 Bf6+ 38.Kd5 Bxc3 39.f4 Kxb4 40.Ke6 Kc4 41.Kxf5 Kd4 42.g4 Ke3
43.Kg5 Bf6+ 44.Kg6 Kxf4 45.g5 Bc3  0-1

[Event "BCF-ch"]
[Site "Chester"]
[Date "1979.??.??"]
[Round "7"]
[White "Horner, Jeff"]
[Black "Chandler, Murray G"]
[Result "0-1"]
[WhiteElo "2390"]
[BlackElo "2380"]

1.d4 Nf6 2.Bg5 c5 3.Bxf6 gxf6 4.e3 Qb6 5.b3 Bg7 6.Nf3 f5 7.Bd3 cxd4 8.exd4 Bxd4
9.Nxd4 Qxd4 10.Nd2 Qe5+ 11.Be2 Nc6 12.O-O O-O 13.Re1 d5 14.Bb5 Qd6 15.Nf3 a6
16.Bxc6 bxc6 17.Qe2 e6 18.Nh4 f6 19.Qh5 Ra7 20.Rad1 Rg7 21.c4 d4 22.Rd3 Qf4
23.Rg3 Bd7 24.Rxg7+ Kxg7 25.h3 Be8 26.g3 Bxh5 27.gxf4 Kf7 28.f3 c5 29.Kf2 a5
30.Rb1 Bg6 31.a3 Rb8 32.Ng2 e5 33.Ne1 e4 34.Nc2 Bh5 35.b4 Bxf3 36.b5 Bh5
37.b6 Ke7 38.b7 Kd7 39.a4 Kc6 40.Na1 Rxb7 41.Rb5 e3+ 42.Ke1 d3  0-1

[Event "Gladsaxe"]
[Site "Gladsaxe"]
[Date "1979.??.??"]
[Round "9"]
[White "Fuglsang, Flemming"]
[Black "Kristiansen, Jens"]
[Result "0-1"]
[WhiteElo "2205"]
[BlackElo "2365"]

1.d4 Nf6 2.Bg5 d5 3.Nc3 Nbd7 4.Nf3 e6 5.e3 h6 6.Bf4 a6 7.h3 b5 8.g4 Bb7 9.Bg2 c5
10.O-O Be7 11.Ne2 Ne4 12.Ne5 cxd4 13.Nxd4 Nxe5 14.Bxe5 O-O 15.f4 Qb6 16.g5 hxg5
17.Bxe4 dxe4 18.Qh5 Qc5 19.h4 gxf4 20.b4 Qd5 21.Rad1 f5 22.Bxg7 Kxg7 23.Kh1 Bxh4
24.Rxf4 Rh8 25.Nxf5+ exf5 26.Rg1+ Bg3 27.Rxg3+ Kf6 28.Rg6+ Ke7 29.Rg7+ Kd6
30.Rh7 Rxh7 31.Qxh7 Rg8 32.Qh5 Qe5 33.Qh6+ Kc7 34.Qh7+ Rg7  0-1

[Event "Aaronson Masters"]
[Site "London"]
[Date "1979.??.??"]
[Round "1"]
[White "Bennett, Terry B"]
[Black "Van der Sterren, Paul"]
[Result "1-0"]
[WhiteElo "2290"]
[BlackElo "2400"]

1.d4 Nf6 2.Bg5 c5 3.Nc3 cxd4 4.Qxd4 e6 5.e4 Nc6 6.Qd2 Bb4 7.Bd3 h6 8.Bxf6 Qxf6
9.Nge2 d5 10.exd5 exd5 11.a3 Ba5 12.b4 Bb6 13.O-O Be6 14.Nf4 Rd8 15.Rae1 O-O
16.Na4 Bc7 17.Nxe6 fxe6 18.Nc5 e5 19.Nxb7 e4 20.Be2 Qe5 21.g3 Bb6 22.Nxd8 Rxd8
23.Bd1 Nd4 24.Kg2 Qf5 25.Qf4 Qc8 26.Bg4 Qc3 27.Rd1 Kh8 28.Qe5 Qc4 29.Rd2 Nxc2
30.Be2 Qc6 31.Qb2 Rc8 32.Bg4 e3 33.Bxc8 d4+ 34.Kg1 exd2 35.Bb7 Qc4 36.Be4 Qxf1+
37.Kxf1 d1=Q+ 38.Kg2 Qe2 39.Qxc2 Qxc2 40.Bxc2 g5 41.Kf3 Kg7 42.Ke4 Kf6 43.a4 a5
44.bxa5 Bxa5 45.Kxd4 Be1 46.f4 gxf4 47.gxf4 Ke6 48.Kc5 Kf6 49.h3  1-0

[Event "Aaronson Masters"]
[Site "London"]
[Date "1979.??.??"]
[Round "3"]
[White "Bennett, Terry B"]
[Black "Formanek, Edward W"]
[Result "0-1"]
[WhiteElo "2290"]
[BlackElo "2410"]

1.d4 Nf6 2.Bg5 d5 3.e3 Nbd7 4.f4 Ne4 5.Nf3 c6 6.Nbd2 Nxg5 7.Nxg5 e5 8.Ndf3 e4
9.Nd2 Nb6 10.g3 h5 11.h4 Bg4 12.Qc1 Qd7 13.a4 a5 14.Nh3 f6 15.Nf2 g5 16.c3 gxf4
17.gxf4 Be7 18.Nb3 Qd8 19.Nc5 Nd7 20.Nxg4 Nxc5 21.Nxf6+ Bxf6 22.dxc5 Qe7
23.b4 O-O-O 24.Rb1 Bxh4+ 25.Ke2 axb4 26.Rxb4 Kc7 27.Qb2 Rb8 28.Rb6 Qxc5 29.a5 Qxa5
30.c4 Qe1+  0-1

[Event "SWE-ch"]
[Site "?"]
[Date "1979.??.??"]
[Round "?"]
[White "Ivarsson, Stefan"]
[Black "Kinnmark, Ove"]
[Result "0-1"]
[WhiteElo "2410"]
[BlackElo "2365"]

1.d4 Nf6 2.Bg5 g6 3.Bxf6 exf6 4.e3 Bg7 5.g3 O-O 6.Bg2 d6 7.Ne2 c6 8.O-O Re8
9.c4 Nd7 10.Nbc3 f5 11.b4 Nf6 12.Qd3 Qe7 13.c5 d5 14.b5 Ne4 15.a4 a5 16.bxa6 Rxa6
17.Rfb1 h5 18.h4 g5 19.hxg5 Qxg5 20.Nf4 h4 21.Nh3 Qh6 22.gxh4 Qxh4 23.Ne2 Bh6
24.Nef4 Bxf4 25.exf4 Re6 26.Bxe4 fxe4 27.Qe3 Rh6  0-1

[Event "URS Spartakiad"]
[Site "URS"]
[Date "1979.??.??"]
[Round "?"]
[White "Nei, Iivo"]
[Black "Yurtaev, Leonid"]
[Result "1-0"]
[WhiteElo "2200"]
[BlackElo "2200"]

1.d4 Nf6 2.Bg5 c5 3.Nc3 cxd4 4.Qxd4 Nc6 5.Qh4 d6 6.O-O-O Bd7 7.e4 Rc8 8.Bd3 e6
9.f4 Be7 10.Qe1 Qa5 11.Kb1 h6 12.Bh4 g5 13.Bg3 Nh5 14.f5 Nxg3 15.hxg3 Bf6
16.Nb5 Be5 17.Qxa5 Nxa5 18.Nxa7 Rb8 19.Nb5 Bxg3 20.Rh3 Bf4 21.Ne2 Be5 22.Rdh1 Ke7
23.Rxh6 Rxh6 24.Rxh6 Rh8 25.Rxh8 Bxh8 26.Nbd4 Nc6 27.fxe6 fxe6 28.c3 Ne5
29.Kc2 Be8 30.Nf3 Kf6 31.Kd2 g4 32.Nxe5 Kxe5 33.Nd4 Bf7 34.a4 Bf6 35.a5 Bg5+
36.Ke2 Kf4 37.b4 Bd8 38.Nb5 Be7 39.Nd4 Kg3 40.Kf1 Bg6 41.b5 d5 42.Ne2+ Kh2
43.Nf4 Bf7 44.exd5 exd5 45.Bg6 Bg8 46.Bf5 Bd6  1-0

[Event "URS Spartakiad"]
[Site "URS"]
[Date "1979.??.??"]
[Round "?"]
[White "Shereshevski, Mikhail"]
[Black "Ilinsky, Vladimir"]
[Result "1-0"]
[WhiteElo "2460"]
[BlackElo "2200"]

1.d4 Nf6 2.Bg5 d5 3.Bxf6 exf6 4.e3 Be7 5.g3 O-O 6.Bg2 c6 7.Nd2 Be6 8.Ne2 Nd7
9.O-O Re8 10.b3 f5 11.c4 Nf6 12.a3 dxc4 13.bxc4 Qa5 14.Qc2 Rad8 15.Rfb1 Bc8
16.c5 Qc7 17.Nc4 g6 18.Qa4 a6 19.Rb2 Nd5 20.Rab1 Bg5 21.Bxd5 cxd5 22.Nd6 b5
23.Nxe8 Rxe8 24.Qb3 Bd7 25.a4 h5 26.axb5 axb5 27.f4 Bf6 28.Kf2 Bc6 29.Ng1 g5
30.Nf3 gxf4 31.gxf4 Qe7 32.Qd3 Kh8 33.Re2 Qd7 34.Ne5 Bxe5 35.fxe5 f6 36.exf6 Re4
37.Kg1 Qe6 38.Rg2 Rxe3 39.f7 Re1+ 40.Rxe1 Qxe1+ 41.Qf1  1-0

[Event "COL-ch"]
[Site "Bogota"]
[Date "1980.??.??"]
[Round "?"]
[White "Campora, Daniel H"]
[Black "Zapata, Alonso"]
[Result "1/2-1/2"]
[WhiteElo "2415"]
[BlackElo "2410"]

1.d4 Nf6 2.Bg5 g6 3.Nc3 d5 4.Bxf6 exf6 5.e4 dxe4 6.Nxe4 Bg7 7.Nf3 O-O 8.Be2 f5
9.Nc5 b6 10.Nb3 Bb7 11.O-O Nd7 12.c3 Nf6 13.a4 a5 14.Nbd2 Ne4 15.Nc4 Bh6
16.Re1 Qf6 17.Qc2 Rad8 18.Rad1 Rfe8 19.Nce5 Re7 20.Bc4 Kg7 21.Bf1 Qe6 22.Bd3 f6
23.Nc4 Qc8 24.Re2 Rde8 25.Rde1 Kf8 26.Na3 Bf4 27.Nb5 Qd7 28.c4 Nd6 29.d5 Rxe2
30.Rxe2 Rxe2 31.Qxe2 Nxb5 32.axb5 Qe7 33.Qc2 Bc8 34.Kf1 Bd6 35.h3 Bd7 36.b3 Bc5
37.Qd2 Kg7 38.Qb2 Bd6 39.Qd2 Bb4 40.Qe3 Bc5 41.Qd2 Bb4  1/2-1/2

[Event "Politiken Cup"]
[Site "Copenhagen"]
[Date "1980.??.??"]
[Round "1"]
[White "Wicker, Kevin J"]
[Black "Smyslov, Vassily"]
[Result "0-1"]
[WhiteElo "2340"]
[BlackElo "2550"]

1.d4 Nf6 2.Bg5 g6 3.Bxf6 exf6 4.e3 f5 5.h4 d5 6.Ne2 Nd7 7.Nf4 c6 8.Nd2 Nf6
9.c3 Bd6 10.g3 Qe7 11.Be2 O-O 12.Kf1 Re8 13.Kg2 Ng4 14.Nf1 b6 15.b4 a5 16.b5 Bxf4
17.gxf4 cxb5 18.Bxb5 Bd7 19.Be2 Rac8 20.Rc1 Qa3 21.Qd2 Rc7 22.Ng3 Rec8 23.Ba6 Rb8
24.Bd3 Nf6 25.f3 Ne8 26.h5 Nd6 27.hxg6 fxg6 28.Rh2 Bb5 29.Bb1 Rbc8 30.Rch1 Re7  0-1

[Event "Politiken Cup"]
[Site "Copenhagen"]
[Date "1980.??.??"]
[Round "6"]
[White "Brondum, Eric"]
[Black "Moe, Mogens"]
[Result "1-0"]
[WhiteElo "2315"]
[BlackElo "2370"]

1.d4 Nf6 2.Bg5 d5 3.Bxf6 gxf6 4.e3 e5 5.Qh5 Nc6 6.Bb5 Qd6 7.Nc3 Be6 8.O-O-O O-O-O
9.Nge2 Rg8 10.Bxc6 bxc6 11.Qxh7 Rxg2 12.Qd3 Rxf2 13.Qa6+ Kb8 14.dxe5 fxe5
15.Ne4 dxe4 16.Rxd6 Rxd6 17.b3 Bh6 18.Kb1 Rg2 19.Nc3 f5 20.Re1 Rxh2 21.Na4 Bc8
22.Qc4 Rhd2 23.Kb2 a5 24.b4 Be6 25.Qc3 R2d5 26.Nc5 Bc8 27.bxa5 Ka7 28.Rb1 Bf8
29.Nb3 f4 30.Nc5 f3 31.a4 Rg6 32.Nxe4 Ba6 33.Ka2 Rd8 34.Rb3 Rb8 35.Rxb8 Kxb8
36.Qb3+ Ka7 37.Qf7 Rg4 38.Qxc7+ Ka8 39.Qd8+ Ka7 40.Qb6+  1-0

[Event "Candidats (Women) qf3"]
[Site "Kislovodsk"]
[Date "1980.??.??"]
[Round "9"]
[White "Alexandria, Nana"]
[Black "Akhmilovskaya, Elena"]
[Result "1/2-1/2"]
[WhiteElo "2335"]
[BlackElo "2315"]

1.d4 Nf6 2.Bg5 d5 3.Bxf6 exf6 4.e3 Be6 5.Nd2 c6 6.Bd3 f5 7.Qf3 g6 8.Ne2 Nd7
9.O-O Bd6 10.c4 Nf6 11.Nf4 O-O 12.cxd5 cxd5 13.Nb3 g5 14.Nh5 Ne4 15.Qe2 g4
16.Nf4 Qg5 17.f3 gxf3 18.Rxf3 Kh8 19.Raf1 Rg8 20.Kh1 Qe7 21.Nc1 Rg4 22.Bc2 Rag8
23.Ncd3 Bd7 24.Nf2 Rxf4 25.Rxf4 Bxf4 26.Bxe4 Bb8 27.Bf3 Qh4 28.Nh3 Re8 29.Qd2 Qe7
30.Bxd5 Qxe3 31.Qxe3 Rxe3 32.Bf3 b6 33.Kg1 Kg7 34.Rd1 Re8 35.g3 Rc8 36.Rd2 Bd6
37.a3 Be7 38.Nf4 Bg5 39.Kf2 Kf8 40.h4 Bh6 41.Bd5 Ba4 42.b3 Be8 43.a4 Bg7
44.Ne2 Rc7 45.Rd3 Rc2 46.Ke3 Bh6+ 47.Kf3 Bg7 48.Rc3 Rxc3+ 49.Nxc3 Bd7 50.Ne2 Be6
51.Bc4 Ke7 52.Ke3 Kd6 53.Nf4 Bh6 54.Kf3 Bg7 55.Ke3 Bh6 56.Kf3  1/2-1/2

[Event "New York Inv"]
[Site "New York"]
[Date "1980.??.??"]
[Round "10"]
[White "Keene, Raymond D"]
[Black "Gruchacz, Robert"]
[Result "1/2-1/2"]
[WhiteElo "2460"]
[BlackElo "2365"]

1.d4 Nf6 2.Bg5 d5 3.Bxf6 exf6 4.g3 Bd6 5.Bg2 c6 6.e3 Qb6 7.Qc1 O-O 8.Ne2 Na6
9.O-O Bf5 10.a3 Rad8 11.Nd2 Bb8 12.b4 Rfe8 13.Re1 Qc7 14.c4 Qd7 15.Nb3 b6
16.Qc3 Bh3 17.Bh1 h5 18.Rac1 Rc8 19.cxd5 cxd5 20.Qd3 Nc7 21.Nf4 Bf5 22.Qd2 h4
23.Bf3  1/2-1/2

[Event "Rome"]
[Site "Rome"]
[Date "1980.??.??"]
[Round "4"]
[White "Mariotti, Sergio"]
[Black "Toth, Bela"]
[Result "1/2-1/2"]
[WhiteElo "2500"]
[BlackElo "2390"]

1.d4 Nf6 2.Bg5 d5 3.Bxf6 exf6 4.e3 c6 5.c4 dxc4 6.Bxc4 Be7 7.Nc3 O-O 8.Nge2 Nd7
9.Rc1 Qa5 10.Nf4 Nb6 11.Bb3 Bd6 12.Qf3 Bxf4 13.Qxf4 Be6 14.Bxe6 fxe6 15.O-O Qb4
16.Rc2 Rad8  1/2-1/2

[Event "Wroclaw-B"]
[Site "Wroclaw"]
[Date "1980.??.??"]
[Round "7"]
[White "Bujupi, Fatmir"]
[Black "Grossmann, Ryszard"]
[Result "1-0"]
[WhiteElo "2230"]
[BlackElo "2260"]

1.d4 Nf6 2.Bg5 c5 3.e3 Qb6 4.Nc3 Qxb2 5.Nge2 Qb6 6.Rb1 Qd8 7.dxc5 e6 8.Bxf6 gxf6
9.Ne4 Bxc5 10.Rb5 Be7 11.c4 d6 12.g4 Bd7 13.Rh5 Bc6 14.Bg2 Nd7 15.N2c3 Ne5
16.Qe2 Rc8 17.O-O a6 18.f4 Nxc4 19.Qxc4 d5 20.Qb3 dxe4 21.Rd1 Qc7 22.Nxe4 Bd5
23.Qa4+ Bc6 24.Qb3 Rd8 25.Rc1 Qd7 26.f5 Qd3 27.Nf2 Qxb3 28.Bxc6+ bxc6 29.axb3 Kd7
30.Ra1 Rb8 31.Rxa6 Bc5 32.fxe6+ Kd6 33.Ne4+  1-0

[Event "Weihnachts op-M 21th"]
[Site "Zuerich"]
[Date "1980.??.??"]
[Round "?"]
[White "Weindl, Alfred"]
[Black "Raeber, Markus"]
[Result "1-0"]
[WhiteElo "2335"]
[BlackElo "2200"]

1.d4 Nf6 2.Bg5 c5 3.Bxf6 gxf6 4.d5 Qb6 5.Nd2 d6 6.e3 Qxb2 7.Rb1 Qa3 8.Bd3 Qa5
9.Ne2 a6 10.a4 Nd7 11.f4 Nb6 12.Kf2 Nxd5 13.Nc4 Qc7 14.a5 Bg4 15.Be4 Nb4
16.Nb6 Rb8 17.c3 Nc6 18.Qa4 e6 19.Na8 Qc8 20.Rxb7 Rxb7 21.Qxc6+ Kd8 22.Qxb7 d5
23.Qxc8+ Kxc8 24.Nb6+ Kc7 25.Bc2 Bd6 26.h3 Bh5 27.g4 Bg6 28.f5 exf5 29.gxf5 Bh5
30.Nxd5+ Kc6 31.c4 Bxe2 32.Kxe2 Be5 33.Ba4+ Kd6 34.Rb1 Bh2 35.Kd3 Ke5 36.Rb6 Rg8
37.Rxf6 Rg1 38.Rxf7 Ra1 39.Re7+ Kxf5 40.Bd7+ Kg5 41.Ke4  1-0

[Event "BCF-ch"]
[Site "Morecambe"]
[Date "1981.08.12"]
[Round "9"]
[White "Bellin, Robert"]
[Black "Pritchett, Craig William"]
[Result "1/2-1/2"]
[WhiteElo "2390"]
[BlackElo "2395"]

1.d4 Nf6 2.Bg5 d5 3.Nd2 Nbd7 4.Ngf3 h6 5.Bh4 g6 6.c4 c6 7.cxd5 cxd5 8.e3 Bg7
9.Bd3 O-O 10.O-O b6 11.Qa4 Bb7 12.Rac1 a6 13.Nb3 Ne4 14.Rc2 Nd6 15.Rfc1 g5
16.Bg3 b5 17.Qb4 Nc4 18.h3 Rc8 19.Na1 Nf6 20.b3 Nd6 21.Bxd6 exd6 22.a4 Rxc2
23.Rxc2 Ne4 24.axb5 a5 25.Qe1 f5 26.Ra2 g4 27.hxg4 fxg4 28.Bxe4 dxe4 29.Nh2 h5
30.Qxa5 Qg5 31.b6  1/2-1/2